Operations Management:A Value Driven Approach (Record no. 4490)

MARC details
005 - DATE AND TIME OF LATEST TRANSACTION
control field 20250620091040.0
020 ## - INTERNATIONAL STANDARD BOOK NUMBER
International Standard Book Number 0-256-12381-0
082 ## - DEWEY DECIMAL CLASSIFICATION NUMBER
Classification number 658.5 MEL
100 ## - MAIN ENTRY--PERSONAL NAME
Author name MELNYK,Steven A
245 ## - TITLE STATEMENT
Title Operations Management:A Value Driven Approach
260 ## - PUBLICATION, DISTRIBUTION, ETC.
Place of publication, distribution, etc. Boston
Name of publisher, distributor, etc. McGraw-Hill Irwin,
Date of publication, distribution, etc. 1999
300 ## - PHYSICAL DESCRIPTION
Extent xxxv,988p.;ill,picture
Other physical details Glossary,Index.
Dimensions 26cm.
942 ## - ADDED ENTRY ELEMENTS (KOHA)
Source of classification or shelving scheme Dewey Decimal Classification
Koha item type Books

No items available.